| 000 | 02082cam a22004454i 4500 | ||
|---|---|---|---|
| 003 | PE-LiUPU | ||
| 005 | 20250731165435.0 | ||
| 008 | 160509s2011 pe a grm 000 0 spa d | ||
| 035 | _a(Sirsi) a156640 | ||
| 040 |
_aPE-LiUPU _bspa _cPE-LiUPU _erda |
||
| 099 |
_aTT 2 _bC13 2011 |
||
| 100 | 1 |
_aCabrera Núñez, Roger _eautor |
|
| 245 | 1 |
_a"Espíritu", "Alma" y "Cuerpo" un estudio exegético de 1 Tesalonicenses 5:23 / _cRoger Cabrera Núñez. |
|
| 264 | 0 | _c2011. | |
| 300 |
_a61 hojas : _bilustraciones; _c28.30 cm |
||
| 336 |
_atext _2rdacontent |
||
| 337 |
_aunmediated _2rdamedia |
||
| 338 |
_avolume _2rdacarrier |
||
| 502 |
_aTesis _b(Lic.) -- _cUniversidad Peruana Unión, _d2011. |
||
| 504 | _aIncluye referencias | ||
| 520 | 3 | _aLa presente investigación se ubica en el área bíblica; por lo tanto, el abordaje se realizó mediante la exegesis bíblica. Se han dado los siguientes pasos: Primero, se mencionó los antecedentes que dan origen al planteamiento del problema, teniendo en cuenta el pensamiento griego. Se presenta también la importancia, las limitaciones, delimitaciones y la metodología empleada. -En un segundo lugar, se presenta una revisión bibliográfica, considerando la antropología tricotómica, dicotómica, además la tradición apostólica sobre la constitución del hombre. Tercero, se analiza el contexto literario del pasaje, luego se hace el análisis semántico y sintáctico del texto mismo. Finalmente se presenta la teología del texto, válida para nuestros días. | |
| 526 | _aSEG44 | ||
| 526 | _aSEG26 | ||
| 526 | _aP151 | ||
| 526 | _aP150 | ||
| 526 | _aP149 | ||
| 526 | _aP146 | ||
| 526 | _aP145 | ||
| 526 | _aP126 | ||
| 526 | _aP125 | ||
| 526 | _aP92 | ||
| 526 | _aP75 | ||
| 526 | _aP74 | ||
| 526 | _aP27 | ||
| 526 | _aP15 | ||
| 650 | 0 | 4 |
_aBiblia. N.T.. Tesalonisenses I, 5: 23 _xComentarios. |
| 596 | _a1 | ||
| 942 |
_2ddc _cTESIS |
||
| 999 |
_aTT 2 C13 2011 _wALPHANUM _c9293 _iT01306 _lCCODEBUL3 _mBUL _r1 _sY _tTESIS _u2016-5-9 _xTEOLOGIA _PP35 _o.STAFF. Tesis _d9293 |
||
| 980 |
_81 _gALBERTO SANCHEZ Responsable de Automatización |
||